Opera Omnia

Guardat en:
Dades bibliogràfiques
Autor principal: Tomás de Aquino 1220-1274 Santo (Autor)
Format: Llibre
Idioma:llatí
Publicat: Roma Ad Sanctae Sabinae 1969
Matèries:
Etiquetes: Afegir etiqueta
Sense etiquetes, Sigues el primer a etiquetar aquest registre!

MARC

LEADER 00000nam a2200000 a 4500
001 UCW8864
003 CL-VaPUC
008 881102e19690000IT |||||||||||||||||lat|d
082 0 4 |a 189.4  |b TOM  |2 21 
100 |a Tomás de Aquino  |d 1220-1274  |c Santo  |e author  |9 255832 
245 1 0 |a Opera Omnia 
300 |a v 
942 |c BK 
945 |d 19881102 00:00:00 
260 |a Roma  |b Ad Sanctae Sabinae  |c 1969 
650 0 |a Escolasticismo  |9 264998 
650 0 |a Tomismo  |9 259214 
650 0 |a Ética  |9 255099 
650 7 |a EDAD MEDIA 600-1500  |2 CL-VaPUC  |9 255048 
583 |a last modification  |c 19881102 00:00:00  |k Rodrigo Vera 
999 |c 221078  |d 221076 
952 |0 0  |1 0  |4 0  |6 189_400000000000000_TOM_1969  |7 0  |8 P  |9 214038  |a BIBEDU  |b BIBEDU  |c BIBEDU_PB  |d 2019-11-15  |h v.1  |i 2824388  |o 189.4 TOM 1969  |p 2824388  |r 2024-01-25  |w 2019-11-15  |y BK  |k FIL 
952 |0 0  |1 0  |4 0  |6 189_400000000000000_TOM_1969  |7 0  |8 P  |9 214039  |a BIBEDU  |b BIBEDU  |c BIBEDU_PB  |d 2019-11-15  |h v.2  |i 2824396  |o 189.4 TOM 1969  |p 2824396  |r 2024-01-25  |w 2019-11-15  |y BK  |k FIL